000 00481nam a22001817a 4500
999 _c65725
_d65725
005 20240530110840.0
008 191224s2016 g 000 0 es d
017 _bمصر. دار الكتب
040 _aEG-CaGPL
_cEG-CaGPL
082 0 4 _221
_a861\
_bR P
100 1 _aROJAS , GONZALO
245 1 0 _aPOEMAS DEL ALUMBRADO \
_cGONZALO ROJAS
300 _a142 p. ؛
_c20 sm.
650 0 7 _2qrmak
_aprosa
651 _2qrmak
_apoesia
942 _2ddc
_cBK